000 00689cab a2200229 4500
001 WB3501-27
008 090401t1999 xxu||||| |||| 00| 0 eng d
035 _a(Sirsi) u90597
041 _aeng
245 _aHousing Forum sets out its shop
260 _c1999
350 _a0
490 _aBuilding Homes
_vJanuary 1999, 5(1)
520 _aThe Housing Forum has indicated that partnering and performance targets are to be the focus of its early attention, following its launch last month.
650 _aHOUSE BUILDING
650 _aHOUSING FORUM
650 _aPARTNERING
650 _aPERFORMANCE TARGETS
690 _aHOUSING-DEVELOPMENT
942 _n0
948 _c08/01/1999
999 _c57451
_d57451